Top 1000 Baby Girl Names in 2019 - USA - Statistics

General Stats
  • This quiz has been taken 5,438 times
  • The average score is 103 of 200
Answer Stats
Answers % Correct
Olivia Emma Ava Sophia Isabella
95%
Abigail Emily Ella Elizabeth Camila
93%
Charlotte Amelia Mia Harper Evelyn
89%
Mary Margaret Ximena Iris Alexandra
89%
Ann Berkley Harriet Queen Sariah
88%
Caroline Eliana Anna Maya Valentina
88%
Molly Ayla Sara Daisy London
88%
Madison Eleanor Grace Nora Riley
87%
Scarlett Penelope Layla Chloe Victoria
87%
Willow Addison Lucy Audrey Bella
87%
Zoey Hannah Hazel Lily Ellie
87%
Jasmine Charlie Amaya Taylor Isabel
86%
June Lauren Amy Presley Georgia
86%
Sarah Autumn Quinn Eva Piper
86%
Arianna Isabelle Melody Eliza Lyla
84%
Luna Sofia Avery Mila Aria
83%
Violet Lillian Zoe Stella Aurora
83%
Maria Leilani Everleigh Liliana Melanie
82%
Sabrina Alaya Jennifer Kenzie Angel
82%
Ashley Khloe Ryleigh Alexa Amara
81%
Macie Amber Zariah Erin Eve
81%
Vivian Madeline Peyton Julia Rylee
81%
Rachel Lilly Ember Kimberly Juniper
80%
Mackenzie Hadley Raelynn Kaylee Rose
79%
Sophie Sadie Delilah Josephine Nevaeh
79%
Brooke Diana Olive River Payton
78%
Cora Madelyn Alice Kinsley Hailey
78%
Natalie Emilia Everly Leah Aubrey
78%
Julie Alexia Irene Marilyn Greta
77%
Lexi Laura Makenzie Melissa Royalty
77%
Paige Lila Nicole Rowan Hope
77%
Gabriella Allison Gianna Serenity Samantha
76%
Katherine Aubree Adalynn Kylie Faith
76%
Ruby Kennedy Ivy Ariana Aaliyah
76%
Jessica Talia Leia Gabriela Gracelyn
75%
Mariah Jane Zuri Elaina Sage
75%
Myra Virginia Remy Hanna Aleah
75%
Brooklynn Malia Makayla Rebecca Fiona
74%
Ari Karsyn Lyanna Lilian Amalia
73%
Alexis Mckenzie Zara Millie Magnolia
72%
Elle Keira Tatum Veronica Milani
72%
Mariana Lena Julianna Vanessa Juliet
72%
Phoebe Michelle Thea Hayden Maggie
72%
Skylar Isla Genesis Naomi Elena
72%
Logan Adelynn Amina Kate Fatima
71%
Rayna Romina Lillie Marie Rosa
71%
Mya Blake Noelle Ana Leila
70%
Kinley Daniella Lilith Blair Amanda
69%
Nova Brooklyn Paisley Savannah Claire
69%
Noa Carly Mariam Anne Karina
68%
Ruth Alana Selena Marley Kamila
68%
Adeline Arya Emery Lydia Clara
67%
Briana Beatrice Dorothy Rosie Jemma
67%
Morgan Summer Juliette Trinity Callie
67%
Angela Dakota Camille Nyla Tessa
66%
Brielle Reagan Natalia Jade Athena
66%
Lucille Amiyah Annie Alexandria Myla
66%
Valeria Andrea Parker Norah Eden
66%
Camilla Kendall Harley Cali Evangeline
65%
Francesca Fernanda April Shelby Poppy
65%
Sarai Dylan Frances Elisa Mabel
65%
Sutton Carolina Skye Alicia Regina
65%
Averie Kensley Helena Holly Emory
63%
Danielle Daphne Esme Nayeli Maddison
63%
Emely Carmen Wren Helen Charleigh
63%
Jordyn Esther Genevieve Harmony Annabelle
63%
Martha Ellen Kailey Maxine Clare
62%
Saige Bonnie Kelly Xiomara Annabella
62%
Anais Elodie Celia Dani Hunter
61%
Elliana Brianna Emersyn Valerie Anastasia
61%
Kaylani Gia Alison Leighton Nadia
61%
Lea Harlee Elyse Frida Blaire
61%
Sawyer Elsie Lola Jayla Adriana
61%
Sydney Arabella Gemma Jocelyn Freya
61%
Alina Reese Bailey Lucia Adalyn
60%
Elliot Macy Monroe Kimber Henley
60%
Kali Kehlani Catherine Maeve Adelyn
60%
Alayah Stephanie Amora Willa Gracelynn
59%
Barbara Dana Yasmin Bexley Micah
59%
Eloise Emerson Cecilia Remi Josie
59%
Imani Maryam Christina Stevie Maia
59%
Alyssa Ariel Aliyah Londyn Juliana
58%
Flora Luella Patricia Whitley Carolyn
58%
Hailee Lisa Sevyn Fallon Magdalena
58%
Hattie Bianca Haley Lorelei Mira
58%
Journee Elise Rosalie Ada Laila
58%
Journey Vera Aspen Joanna Alivia
58%
Skyler Jenna Emelia Kaitlyn Miranda
58%
Alena Holland Bria Rayne Bridget
57%
Braelynn Annalise Madelynn Katie Palmer
57%
Lainey Jacqueline Kira Lana Brinley
57%
Avah Lacey Anya Liberty Karen
56%
Gloria Jayleen Lorelai Malaysia Bethany
56%
Sienna Blakely Alaia Kayla Teagan
56%
Alejandra Ariya Astrid Adrianna Charli
55%
Lilah Miriam Angelina Mckenna Aniyah
55%
Nola Dior Aleena Megan Michaela
55%
Rylie Raelyn Gabrielle Paris Daleyza
55%
Edith Oaklynn Kennedi Abby Danna
54%
Lilliana Harlow Alessandra Madilyn Nina
53%
Samara Winter Giselle Evie Arielle
52%
Ariella Daniela Raegan Alayna Gracie
51%
Linda Aniya Marianna Alaiya Noemi
50%
Clementine Louise Maleah Janiyah Marina
49%
Paula Salem Amelie Madisyn Vienna
49%
Anika Julissa Bailee Hayley Jessie
48%
Colette Meadow Nia Sierra Cheyenne
48%
India Madalynn Rosalee Florence Maliah
48%
Joy Maisie Oakley Ariyah Kailani
48%
Viviana Yaretzi Heaven Serena Raven
48%
Addisyn Casey Deborah Tori Zainab
47%
Zoie Christine Jaelynn Persephone Chandler
47%
Amira Adaline Lia Charlee Delaney
46%
Collins Jordan Maliyah Rosemary Cataleya
46%
Kyra Angelica Zahra Dallas Johanna
45%
Vivienne Kiara Alani Margot Adelaide
45%
Emmalyn Ivory Ivanna Jamie Kara
44%
Indie Kenia Nellie Belle Kataleya
44%
Lara Angie Joelle Rhea Calliope
44%
Liana Shiloh Kalani Jada Kelsey
44%
Milena Ailani Louisa Mina Kairi
44%
Sky Amaris Ramona Saoirse Hana
44%
Averi Emmeline Kyleigh Princess Penny
43%
Cassidy Lyric Madeleine Miracle Gwendolyn
43%
Cecelia Alia Mae Cadence Emberly
43%
Ellianna Elsa Itzayana Zora Estelle
43%
Laney Eileen Faye Kynlee Tiffany
43%
Makenna Everlee Scarlet Esmeralda Maci
43%
Erika Jenesis Avalynn Nancy Emmalynn
42%
Livia Miley Adele Amaia Yara
42%
Mylah Paisleigh Analia August Brittany
42%
Ashlynn Savanna Sloan Tiana Aubrie
41%
Aya Laurel Meghan Pearl Zaylee
41%
Jaliyah Antonella Aviana Cameron Chelsea
41%
Briella Brynn Saylor Destiny Amari
40%
Felicity Paislee Allie Nylah Ariah
40%
Octavia Dahlia Heidi Celeste Remington
40%
Beatrix Sandra Alannah Austyn Freyja
39%
Chanel Estella Isabela Jillian Kallie
39%
Demi Ophelia Lennon Reign Bristol
39%
Addilynn Dulce Marissa Meilani Natasha
38%
Braelyn Emerie Lylah Nalani Monica
38%
Kathryn Renata Kayleigh Emmy Celine
38%
Kendra Oaklyn Ashlyn Armani Jazmin
38%
Luciana Anaya Hallie Ryan Camryn
38%
Judith Halle Laylah Novalee Jaycee
37%
Leona Mckinley Carter Maren Sylvia
37%
Addyson Kai Lilianna Tinsley Yaritza
36%
Charley Janelle Mallory Kaliyah Elaine
36%
Marlee Matilda Selah Jolene Wynter
36%
Amirah Cassandra Melany Legacy Reyna
35%
Teresa Annika Kamilah Azariah Della
35%
Azalea Katelyn Kylee Leslie Madilynn
34%
Coraline Reina Allyson Kaydence Sasha
34%
Roselyn Liv Mara Ensley Malani
34%
Giovanna Gwen Iliana Elora Ezra
33%
Aylin Elliott Kyla Rory Avianna
32%
Kathleen Keily Kiana Tenley Alyson
32%
Kaylie Braylee Mavis Ellison Margo
32%
Robin Luisa Zendaya Ariadne Dixie
32%
Alma Emmie Melina Siena Priscilla
31%
Aitana Jayda Justice Meredith Briar
30%
Nataly Whitney Corinne Denver Nathalie
30%
Ayleen Blessing Elina Joyce Myah
29%
Davina Rivka Cynthia Zaria Madalyn
29%
Zariyah Kori Frankie Clarissa Brylee
29%
Adelina Dream Aisha Alanna Itzel
28%
Evelynn Haven Phoenix Izabella Kaia
28%
Sariyah Amayah Crystal Keyla Lilyana
28%
Zaniyah Alianna Paulina Jayde Thalia
28%
Alaina Brynlee Finley Catalina Sloane
27%
Giana Paityn Zola Amoura Renee
27%
Jaylah Karla Nala Opal Aliza
27%
Jolie Kinslee Ryann Simone Milan
26%
Leanna Rosalyn Selene Theodora Kamari
26%
Skyla Khaleesi Dayana Julieta Katalina
26%
Esperanza Cleo Aila Emerald Jaelyn
25%
Mikaela Lina Harmoni Yareli Giuliana
25%
Jaylee Kimora Raquel Scarlette Aliya
24%
Tatiana Arden Aubriella Lindsey Emani
24%
Elianna Jimena Kora Kamryn Ainsley
23%
Jazmine Amani Haylee Aliana Leyla
23%
Karlee Kaya Ingrid Jewel Emilee
23%
Lexie Miah Rylan Sylvie Valery
23%
Jazlyn Alessia Mikayla Alondra Addilyn
22%
Navy Winnie Andi Kamiyah Waverly
20%
Hadlee Heavenly Aubrielle Elisabeth Salma
19%
Kiera Milana Vada Violeta Luz
19%
Lennox Treasure Alora Ellis Rebekah
19%
Mercy Zelda Baylee Chaya Kenna
19%
Chana Raina Royal Sunny Estrella
18%
Aileen Lauryn Anahi Aurelia Kassidy
17%
Emmaline Paloma Harleigh Noor Paola
15%
Malaya Hadassah Lyra Adley Galilea
12%
Veda Alisson Keilani Oakleigh Guadalupe
11%
Kaisley Belen Promise Amiya Dalary
10%
Haisley Ainhoa Journi Karter Oaklee
9%
Kaylin Samira Taliyah Hadleigh Kaiya
9%
Adalee Landry Malayah Novah Egypt
6%
Tinley Halo Lailah Arlette Ansley
6%
No matching quizzes found
Score Distribution
Percent of People with Each Score
Percentile by Number Answered
Your Score History
You have not taken this quiz